banner koha

Niveis de proteina em dietas de bovinos; 1: consumo e digestibilidades aparentes totais e parciais (Registro n. 158960)

MARC details
000 -LÍDER
campo de controle de tamanho fixo 00929nas a2200301 4500
001 - NÚMERO DE CONTROLE
campo de controle BR9801638
003 - IDENTIFICADOR DO NÚMERO DE CONTROLE
campo de controle BR-BrBNA
005 - DATA E HORÁRIO DA ÚLTIMA TRANSAÇÃO
campo de controle 20231205100940.0
007 - CAMPO FIXO DE DESCRIÇÃO FÍSICA--INFORMAÇÃO GERAL
campo de controle de tamanho fixo ta
008 - CAMPO DE DADOS FIXOS--INFORMAÇÃO GERAL
campo de controle de tamanho fixo 230509b bl.|||p| |||| 00| 00por d
040 ## - FONTE DA CATALOGAÇÃO
Instituição da catalogação original BR-BrBNA
Idioma da catalogação por
Instituição que transcreveu o registro Biblioteca Nacional de Agricultura
041 ## - CÓDIGO DE IDIOMA
Código do idioma do texto/trilha sonora ou título diferente (Pt)
072 ## - CÓDIGO DE CATEGORIA DE ASSUNTO
Código de Categoria de Assunto L51
100 1# - ENTRADA PRINCIPAL--NOME PESSOAL
Nome pessoal Valadares, R.F.D.
100 1# - ENTRADA PRINCIPAL--NOME PESSOAL
Nome pessoal Goncalves, L.C.
100 1# - ENTRADA PRINCIPAL--NOME PESSOAL
Nome pessoal Rodriguez, N.M.
100 1# - ENTRADA PRINCIPAL--NOME PESSOAL
Nome pessoal Sampaio, I.B.
100 1# - ENTRADA PRINCIPAL--NOME PESSOAL
Nome pessoal Valadares Filho, S. de C.
100 1# - ENTRADA PRINCIPAL--NOME PESSOAL
Nome pessoal Queiroz, A.C. de
245 1# - TÍTULO
Título Niveis de proteina em dietas de bovinos; 1: consumo e digestibilidades aparentes totais e parciais
650 ## - ASSUNTO--TERMO TÓPICO
Cabeçalho tópico ou nome geográfico Bovino
650 ## - ASSUNTO--TERMO TÓPICO
Cabeçalho tópico ou nome geográfico Dieta
650 ## - ASSUNTO--TERMO TÓPICO
Cabeçalho tópico ou nome geográfico Digestibilidade Aparente
650 ## - ASSUNTO--TERMO TÓPICO
Cabeçalho tópico ou nome geográfico Proteina
773 0# - ENTRADA ANALÍTICA
Título Revista Brasileira de Zootecnia (Brazil)
ISSN - International Standard Serial Number ISSN 0100-4859
Partes relacionadas (Nov-Dec 1997), v. 26(6) p. 1252-1258
Número de controle do registro BR9801638
909 ## -
-- 202311
-- Lúcia
-- 55
-- Lúcia Elande
942 ## - ELEMENTOS DE ENTRADA ADICIONADOS (KOHA)
Fonte da classificação ou esquema de arquivamento na estante Classificação AGRIS
Ocultar no OPAC Não
Tipo de material Koha Analítica
Exemplares
Situação do descarte Fonte da classificação ou esquema de arquivamento na estante Situação física Não pode ser emprestado Biblioteca de origem Biblioteca atual Localização na estante Enumeração do periódico / cronologia Total de empréstimos Data de último acesso Número do exemplar Tipo de material Koha Fonte de aquisição
  Classificação AGRIS   Consulta local Biblioteca Nacional de Agricultura - Binagri Biblioteca Nacional de Agricultura - Binagri   (Nov-Dec 1997), v. 26(6) p. 1252-1258   29/11/2023 01 Periódicos Portaria Interministerial nº 164/94

BINAGRI

Telefone: (61)3218-2567/2388/3357/2097 - binagri@agro.gov.br

Ministério da Agricultura e Pecuária , Esplanada dos Ministérios, Bloco D, Anexo B, Brasília/DF, CEP: 70.043-900